000 00914nam a2200229Ii 4500
003 JO-AjNU
008 230605s9999||||xx |||||||||||||| ||und||
017 _a2018/8/4027
020 _a978-9957-593-21-6
040 _aJO-AjNU
_bara
_erda
_cJO-AjNU
041 _aara
050 1 4 _aLB2806.D8242 2019
100 3 _aالدعيلج، ابراهيم بن عبدالعزيز,
_eauthor
_959954
245 0 0 _aالتخطيط والاشراف التربوي والتعليمي والاداري
250 _aالطبعة الاولى
264 3 1 _aعمان: الدار المنهجية للنشر والتوزيع، 2019
300 _a255ص
_b ويحتوي على قائمة مراجع من ص233-ص255
336 _atext
_btxt
_2rdacontent
337 _aunmediated
_bn
_2rdamedia
338 _avolume
_bnc
_2rdacarrier
650 4 _aالاشراف التربوي-التخطيط-الادارة التربوية
_959955
999 _aA27006
_c30574
_d30574